000 01237nam a2200373 i 4500
001 27899
003 KOSZ 005
005 20220927131240.0
008 020718s1977 pl a f ||000 0 pol
015 _aPB 1978/2557
040 _aWA N
_cWA N
_dKOSZ 005/HR
080 _a658.56
080 _a658.7
080 _a62
080 _a332
100 1 _aSkowronek, Czesław
_d(1937- )
_eAutor
245 1 0 _aSterowanie zapasami produkcyjnymi :
_bproblemy ekonomiczne /
_cCzesław Skowronek.
260 _aWarszawa :
_bPaństwowe Wydaw. Ekonomiczne ,
_c1977.
300 _a439, [1] s. :
_bil. ;
_c20 cm.
336 _2rdacontent
_aTekst
_btxt
337 _2rdamedia
_aBez urządzenia pośredniczącego
_bn
338 _2rdacarrier
_aWolumin
_bnc
380 _aKsiążki
388 _a1901-2000
388 _a1945-1989
504 _aBibliogr.
650 4 _aGospodarka materiałowa
650 4 _aZaopatrzenie przedsiębiorstwa
650 4 _aZarządzanie zapasami
658 _aGospodarka, ekonomia, finanse
710 2 _aPaństwowe Wydawnictwo Ekonomiczne
_4pbl.
856 _uhttp://koha.tu.koszalin.pl/cgi-bin/koha/opac-detail.pl?biblionumber=27899
_yKatalog online BPK
942 _2UKD
_cKS
999 _c27899
_d27899